Honkong desať rokov po

Koloniálne dedičstvo Číny. Honkonský pragmatizmus. Ukážka fungovania trhovej ekonomiky počas správy Britov. Voľný trh. Globalizačné správanie domácej politiky a ekonomiky. Britské dedičstvo.. Britsko-čínska dohoda. Postavene Taiwanu. Šanghaj ako konkurent. Vlastenectvo.

Gespeichert in:
Bibliographische Detailangaben
1. Verfasser: Pressburg, Adrian Peter
Format: Buchkapitel
Sprache:Slowakisch
Schlagworte:
Tags: Tag hinzufügen
Keine Tags, Fügen Sie das erste Tag hinzu!

MARC

LEADER 00000naa$a2200000$$$4500
001 0059716
005 20231009073433.5
041 0 |a slo 
044 |a SK 
245 1 0 |a Honkong desať rokov po  |c Adrian Peter Pressburg 
520 |a Koloniálne dedičstvo Číny. Honkonský pragmatizmus. Ukážka fungovania trhovej ekonomiky počas správy Britov. Voľný trh. Globalizačné správanie domácej politiky a ekonomiky. Britské dedičstvo.. Britsko-čínska dohoda. Postavene Taiwanu. Šanghaj ako konkurent. Vlastenectvo. 
610 2 0 |a Čína 
610 2 0 |a kolónie 
610 2 0 |a trh voľný 
610 2 0 |a systémy ekonomické 
610 2 0 |a hospodárstvo národné 
100 1 |a Pressburg, Adrian Peter